Interná medicína postgraduálny časopis pre internistov a praktických lekárov : s prílohou Všeobecné lekárstvo

Bibliographic Details
Format: Journal
Language:Slovak
Czech
PhysicalDescription:zv. 30 cm
Published: Bratislava Solen 2001-
Bratislava Samedi
Bratislava A-medi management, s.r.o.
ISSN:1335-8359
Subjects:

MARC

LEADER 00000cas a2200000 a 4500
001 vtls001469503
003 SK-MaSNL
005 20260429144832.0
008 120110c20019999xo mr p 0 0b0slo
022 |a 1335-8359 
035 |a SNK000424808 
035 |a (SVKBB03)vtls000071136 
040 |a SNK  |b slo  |c SNK  |d SVKBB  |d SAVUK  |e AACR2 
041 0 |a slo  |a cze  |b eng 
044 |a xo  |c SK 
072 7 |a 616  |x Patológia. Klinická medicína  |2 konspekt 
080 |a 616.1/.6  |2 2001 
080 |a (051)-027.561  |2 2001 
080 |a 050  |2 2001 
210 0 |a Interná med. 
222 0 |a Interná medicína 
245 0 0 |a Interná medicína  |b postgraduálny časopis pre internistov a praktických lekárov : s prílohou Všeobecné lekárstvo 
246 1 1 |a Internal medicine  |b peer-reviewed postgraduate medical journal 
246 3 3 |a Interná medicína  |b recenzovaný, postgraduálne zameraný odborný lekársky časopis 
260 |a Bratislava  |b Solen  |c 2001- 
260 2 |3 2005-2014  |a Bratislava  |b Samedi 
260 3 |3 2015-  |a Bratislava  |b A-medi management, s.r.o. 
300 |a zv.  |c 30 cm 
310 |a 1x mesačne (júl-august dvojčíslo) 
362 0 |a Roč. 1, č. 1 (2001)- 
500 |a Podnázov od č. 2/2005: recenzovaný, postgraduálne zameraný odborný lekársky časopis 
500 |a Registračné č. MK SR: 2563/2001 
500 |a Do r. 2005 vychádzal s prílohou Všeobecné lekárstvo 
500 |a Redaktori sa menia 
500 |a Spolu s časopisom sú vydávané aj Suplementy 
500 |a Registračné č. MK SR: EV 3192/09 
546 |a Čiast. text aj čes. ; abstrakty v angl. 
650 0 7 |a interná medicína  |2 SNKPH  |9 905 
650 0 7 |a Internal medicine  |2 SNKPHeng  |9 267482 
655 7 |a odborné časopisy  |2 SNKPH  |9 70505 
655 7 |a Professional journals  |2 SNKPHeng  |9 265007 
770 0 |t Všeobecné lekárstvo 
852 |a Štátna vedecká knižnica v Banskej Bystrici 
910 |a snk 
910 |a savuk 
916 |a 2001-2013, 2014-2020 
999 |c 3784  |d 5714 
952 |t č. 1-12 + 4 supl.  |a SNK  |b SNK  |y PREZ  |7 0  |p 17A1432962  |o snkČSB 5590/17/2017 D1  |i snk2020/20546  |8 0  |z Supl.: S2, S3, S4, S5  |0 0  |1 0  |4 0  |d 2020-11-13  |l 0  |r 2026-02-21 19:24:22  |w 2026-02-21 
952 |t č. 1-12 + 5 supl.  |a SNK  |b SNK  |y PREZ  |7 0  |p 17A1432963  |o snkČSB 5590/18/2018 D1  |i snk2020/20547  |8 0  |z Č. 4 má dve časti ; Supl.: S1, S2, S3, S5, S6  |0 0  |1 0  |4 0  |d 2020-11-13  |l 0  |r 2026-02-21 19:24:22  |w 2026-02-21 
952 |t č. 1-12 + 3 supl.  |a SNK  |b SNK  |y PREZ  |7 0  |p 17A1432964  |o snkČSB 5590/19/2019  |i snk2020/20548  |8 0  |z Supl.: S1, S2, S3  |f 1  |0 0  |1 0  |4 0  |d 2020-11-13  |l 0  |r 2026-02-21 19:24:22  |w 2026-02-21 
952 |t č. 1-12 + supl.  |a SNK  |b SNK  |y PREZ  |7 0  |p 17A0870229  |o snkČSB 5590/10/2010 D1  |i snk2014/21263  |8 0  |0 0  |1 0  |4 0  |d 2014-10-10  |l 0  |r 2026-02-21 19:44:49  |w 2026-02-21 
952 |t č. 1-12  |a SNK  |b SNK  |y PREZ  |7 0  |p 17A0870230  |o snkČSB 5590/11/2011  |i snk2014/21266  |8 0  |f 1  |0 0  |1 0  |4 0  |d 2014-10-10  |l 0  |r 2026-02-21 19:44:49  |w 2026-02-21 
952 |t č. 1-12  |a SNK  |b SNK  |y PREZ  |7 0  |p 17A0870231  |o snkČSB 5590/11/2011 D1  |i snk2014/21296  |8 0  |0 0  |1 0  |4 0  |d 2014-10-10  |l 0  |r 2026-02-21 19:44:49  |w 2026-02-21 
952 |t č. 1-12 + supl.  |a SNK  |b SNK  |y PREZ  |7 0  |p 17A0870232  |o snkČSB 5590/12/2012  |i snk2014/21309  |8 0  |f 1  |0 0  |1 0  |4 0  |d 2014-10-10  |l 0  |r 2026-02-21 19:44:49  |w 2026-02-21 
952 |t č. 1-12 + supl.  |a SNK  |b SNK  |y PREZ  |7 0  |p 17A0870233  |o snkČSB 5590/12/2012 D1  |i snk2014/21318  |8 0  |0 0  |1 0  |4 0  |d 2014-10-10  |l 0  |r 2026-02-21 19:44:49  |w 2026-02-21 
952 |t č. 1-12 + supl.  |a SNK  |b SNK  |y PREZ  |7 0  |p 17A0870234  |o snkČSB 5590/13/2013  |i snk2014/21343  |8 0  |f 1  |0 0  |1 0  |4 0  |d 2014-10-10  |l 0  |r 2026-02-21 19:44:49  |w 2026-02-21 
952 |t č. 1-12 + 5 supl., neúplné  |a SNK  |b SNK  |y PREZ  |7 0  |p 17A1465466  |o snkČSB 5590/20/2020 D1  |i snk2023/2639  |8 0  |z Supl.: S3, S5 - chýba S1, S2, S4  |0 0  |1 0  |4 0  |d 2023-02-14  |l 0  |r 2026-02-21 19:46:51  |w 2026-02-21 
952 |t č. 1-12 + 5 supl., neúplné  |a SNK  |b SNK  |y PREZ  |7 0  |p 17A1465465  |o snkČSB 5590/21/2021  |i snk2023/2640  |8 0  |z Supl.: S1, S2, S4, S5 - chýba S3 ;   |0 0  |1 0  |4 0  |d 2023-02-14  |l 1  |r 2026-05-11 14:42:46  |s 2026-04-24  |w 2026-02-21 
952 |t č. 1-12  |a SNK  |b SNK  |c SNK_KF  |y PREZ  |7 8  |p 17A1557878  |o snkČSB 5590/22/2022  |i snk2025/14635  |8 0  |0 0  |1 0  |4 0  |d 2025-09-18  |l 0  |r 2026-02-21 19:51:31  |w 2026-02-21 
952 |t č. 1-12 + supl. 1, 2  |a SNK  |b SNK  |c SNK_KF  |y PREZ  |7 8  |p 17A1557879  |o snkČSB 5590/23/2023  |i snk2025/14638  |8 0  |0 0  |1 0  |4 0  |d 2025-09-18  |l 0  |r 2026-02-21 19:51:31  |w 2026-02-21 
952 |t č. 1-12 + supl. 1-5  |a SNK  |b SNK  |c SNK_KF  |y PREZ  |7 8  |p 17A1557880  |o snkČSB 5590/24/2024  |i snk2025/14639  |8 0  |0 0  |1 0  |4 0  |d 2025-09-18  |l 0  |r 2026-02-21 19:51:31  |w 2026-02-21 
952 |t č. 1-12 + 3 supl.  |a SNK  |b SNK  |y PREZ  |7 0  |p 17A1434218  |o snkČSB 5590/19/2019 D1  |i snk2021/6254  |8 0  |z Supl.: S1, S2, S3  |0 0  |1 0  |4 0  |d 2021-06-02  |l 0  |r 2026-02-21 19:59:37  |w 2026-02-21 
952 |t č. 1-12 + 5 supl., neúplné  |a SNK  |b SNK  |y PREZ  |7 0  |p 17A1434219  |o snkČSB 5590/20/2020  |i snk2021/6255  |8 0  |z Supl.: S1, S3, S5 - chýba S2, S4  |f 1  |0 0  |1 0  |4 0  |d 2021-06-02  |l 0  |r 2026-02-21 19:59:38  |w 2026-02-21 
952 |t č. 1-12 + supl. 1  |a SNK  |b SNK  |y PREZ  |7 0  |p 17A0679319  |o snkČSB 5590/5/2005  |i snk2011/4260  |8 0  |f 1  |0 0  |1 0  |4 0  |d 2011-02-24  |l 0  |r 2026-02-21 20:05:32  |w 2026-02-21 
952 |t č. 1-12 + 3 supl.  |a SNK  |b SNK  |y PREZ  |7 0  |p 17A0679320  |o snkČSB 5590/6/2006  |i snk2011/4261  |8 0  |f 1  |0 0  |1 0  |4 0  |d 2011-02-24  |l 0  |r 2026-02-21 20:05:32  |w 2026-02-21 
952 |t č. 1-12 + 2 supl.   |a SNK  |b SNK  |y PREZ  |7 0  |p 17A0679321  |o snkČSB 5590/7/2007  |i snk2011/4386  |8 0  |f 1  |0 0  |1 0  |4 0  |d 2011-02-25  |l 0  |r 2026-02-21 20:05:34  |w 2026-02-21 
952 |t č. 1-12  |a SNK  |b SNK  |y PREZ  |7 0  |p 17A0679322  |o snkČSB 5590/8/2008  |i snk2011/4387  |8 0  |f 1  |0 0  |1 0  |4 0  |d 2011-02-25  |l 0  |r 2026-02-21 20:05:34  |w 2026-02-21 
952 |t č. 1-12 + 1 supl.  |a SNK  |b SNK  |y PREZ  |7 0  |p 17A0679323  |o snkČSB 5590/9/2009  |i snk2011/4388  |8 0  |f 1  |0 0  |1 0  |4 0  |d 2011-02-25  |l 0  |r 2026-02-21 20:05:34  |w 2026-02-21 
952 |t č. 1-12 + supl. 1  |a SNK  |b SNK  |y PREZ  |7 0  |p 17A0679324  |o snkČSB 5590/10/2010  |i snk2011/4389  |8 0  |f 1  |0 0  |1 0  |4 0  |d 2011-02-25  |l 0  |r 2026-02-21 20:05:34  |w 2026-02-21 
952 |t č. 1-12  |a SNK  |b SNK  |y PREZ  |7 0  |p 17A0563314  |o snkČSB 5590/4/2004 D1  |i snk2007/25812  |8 0  |0 0  |1 0  |4 0  |d 2007-11-23  |l 0  |r 2026-02-21 20:16:05  |w 2026-02-21 
952 |t č. 1-3  |a SNK  |b SNK  |y PREZ  |7 0  |p 17A0563307  |o snkČSB 5590/1/2001  |i snk2007/25805  |8 0  |f 1  |0 0  |1 0  |4 0  |d 2007-11-23  |l 0  |r 2026-02-21 20:21:22  |w 2026-02-21 
952 |t č. 1-3  |a SNK  |b SNK  |y PREZ  |7 0  |p 17A0563308  |o snkČSB 5590/1/2001 D1  |i snk2007/25806  |8 0  |0 0  |1 0  |4 0  |d 2007-11-23  |l 0  |r 2026-02-21 20:21:22  |w 2026-02-21 
952 |t č. 1-10 + supl. 1,2,obsah v 10  |a SNK  |b SNK  |y PREZ  |7 0  |p 17A0563309  |o snkČSB 5590/2/2002  |i snk2007/25807  |8 0  |f 1  |0 0  |1 0  |4 0  |d 2007-11-23  |l 0  |r 2026-02-21 20:21:22  |w 2026-02-21 
952 |t č. 1-10 + supl. 1,2,obsah v 10  |a SNK  |b SNK  |y PREZ  |7 0  |p 17A0563310  |o snkČSB 5590/2/2002 D1  |i snk2007/25808  |8 0  |0 0  |1 0  |4 0  |d 2007-11-23  |l 0  |r 2026-02-21 20:21:22  |w 2026-02-21 
952 |t č. 1-12 + supl. 1,2  |a SNK  |b SNK  |y PREZ  |7 0  |p 17A0563312  |o snkČSB 5590/3/2003 D1  |i snk2007/25810  |8 0  |0 0  |1 0  |4 0  |d 2007-11-23  |l 0  |r 2026-02-21 20:21:22  |w 2026-02-21 
952 |t č. 1-12  |a SNK  |b SNK  |y PREZ  |7 0  |p 17A0563313  |o snkČSB 5590/4/2004  |i snk2007/25811  |8 0  |f 1  |0 0  |1 0  |4 0  |d 2007-11-23  |l 0  |r 2026-02-21 20:21:22  |w 2026-02-21 
952 |t č. 1-12 + supl.  |a SNK  |b SNK  |y PREZ  |7 0  |p 17A0870727  |o snkČSB 5590/13/2013 D1  |i snk2014/26684  |8 0  |0 0  |1 0  |4 0  |d 2014-12-02  |l 0  |r 2026-02-21 20:33:01  |w 2026-02-21 
952 |t č. 1-12+ 3 supl.  |a SNK  |b SNK  |y PREZ  |7 0  |p 17A0719123  |o snkČSB 5590/6/2006 D1  |i snk2012/1109  |8 0  |0 0  |1 0  |4 0  |d 2012-01-16  |l 0  |r 2026-02-21 20:40:10  |w 2026-02-21 
952 |t č. 1-12, neúplné  |a SNK  |b SNK  |y PREZ  |7 0  |p 17A0719122  |o snkČSB 5590/5/2005 D1  |i snk2012/1105  |8 0  |z Chýba č. 7-12  |0 0  |1 0  |4 0  |d 2012-01-16  |l 0  |r 2026-02-21 20:40:17  |w 2026-02-21 
952 |t č. 1-12 + S1,S2  |a SNK  |b SNK  |y PREZ  |7 0  |p 17A0719124  |o snkČSB 5590/7/2007 D1  |i snk2012/1111  |8 0  |0 0  |1 0  |4 0  |d 2012-01-16  |l 0  |r 2026-02-21 20:40:17  |w 2026-02-21 
952 |t č. 1-12  |a SNK  |b SNK  |y PREZ  |7 0  |p 17A0719125  |o snkČSB 5590/8/2008 D1  |i snk2012/1113  |8 0  |0 0  |1 0  |4 0  |d 2012-01-16  |l 0  |r 2026-02-21 20:40:17  |w 2026-02-21 
952 |t č. 1-12 + 1 sup.  |a SNK  |b SNK  |y PREZ  |7 0  |p 17A0719129  |o snkČSB 5590/9/2009 D1  |i snk2012/1118  |8 0  |0 0  |1 0  |4 0  |d 2012-01-16  |l 0  |r 2026-02-21 20:40:17  |w 2026-02-21 
952 |t č. 1-12 + supl. 1,2  |a SNK  |b SNK  |y PREZ  |7 0  |p 17A0563311  |o snkČSB 5590/3/2003  |i snk2007/25809  |8 0  |f 1  |0 0  |1 0  |4 0  |d 2007-11-23  |l 0  |r 2026-02-21 21:42:34  |w 2026-02-21 
952 |t č. 1-12 + supl.  |a SNK  |b SNK  |y PREZ  |7 0  |p 17A1093166  |o snkČSB 5590/14/2014  |i snk2016/19899  |8 0  |z supl. Nové lieky  |f 1  |0 0  |1 0  |4 0  |d 2016-08-23  |l 0  |r 2026-02-21 22:02:55  |w 2026-02-21 
952 |t č. 1-12, neúplné + supl.  |a SNK  |b SNK  |y PREZ  |7 0  |p 17A1093167  |o snkČSB 5590/14/2014 D1  |i snk2016/19903  |8 0  |z supl. Nové lieky; chýba č. 10   |0 0  |1 0  |4 0  |d 2016-08-23  |l 0  |r 2026-02-21 22:02:55  |w 2026-02-21 
952 |t č. 1-12 + supl. S,S1,S2  |a SNK  |b SNK  |y PREZ  |7 0  |p 17A1093164  |o snkČSB 5590/15/2015  |i snk2016/19907  |8 0  |z supl. S1 a S2 - Kauzistiky; supl. S - Slovensko-český hematologický a transfuziologický zjazd ... (vložené errata)  |f 1  |0 0  |1 0  |4 0  |d 2016-08-23  |l 0  |r 2026-02-21 22:02:55  |w 2026-02-21 
952 |t č. 1-12 + 3 supl.  |a SNK  |b SNK  |y PREZ  |7 0  |p 17A1343098  |o snkČSB 5590/15/2015 D1  |i snk2019/5165  |8 0  |z Supl.: S, S1, S2  |0 0  |1 0  |4 0  |d 2019-02-25  |l 0  |r 2026-02-21 22:28:33  |w 2026-02-21 
952 |t č. 1-12 + supl.  |a SNK  |b SNK  |y PREZ  |7 0  |p 17A1343099  |o snkČSB 5590/16/2016  |i snk2019/5169  |8 0  |z Supl.: S3  |f 1  |0 0  |1 0  |4 0  |d 2019-02-25  |l 0  |r 2026-02-21 22:28:33  |w 2026-02-21 
952 |t č. 1-12 + supl.  |a SNK  |b SNK  |y PREZ  |7 0  |p 17A1343100  |o snkČSB 5590/16/2016 D1  |i snk2019/5171  |8 0  |z Supl.: S3  |0 0  |1 0  |4 0  |d 2019-02-25  |l 0  |r 2026-02-21 22:28:33  |w 2026-02-21 
952 |t č. 1-12 + 4 supl.  |a SNK  |b SNK  |y PREZ  |7 0  |p 17A1343101  |o snkČSB 5590/17/2017  |i snk2019/5173  |8 0  |z Supl.: S2, S3, S4, S5  |f 1  |0 0  |1 0  |4 0  |d 2019-02-25  |l 0  |r 2026-02-21 22:28:33  |w 2026-02-21 
952 |t č. 1-12 + 5 supl.  |a SNK  |b SNK  |y PREZ  |7 0  |p 17A1343102  |o snkČSB 5590/18/2018  |i snk2019/5177  |8 0  |z Supl.: S1, S2, S3, S5, S6  |f 1  |0 0  |1 0  |4 0  |d 2019-02-25  |l 0  |r 2026-02-21 22:28:33  |w 2026-02-21